Normal view
MARC view
Entry Personal Name
001 - CONTROL NUMBER
- control field: 34349
003 - CONTROL NUMBER IDENTIFIER
- control field: OSt
005 - DATE AND TIME OF LATEST TRANSACTION
- control field: 20160123150323.0
008 - FIXED-LENGTH DATA ELEMENTS
- fixed length control field: 160123|| aca||aabn | a|a d
040 ## - CATALOGING SOURCE
- Original cataloging agency: OSt
- Transcribing agency: OSt
100 ## - HEADING--PERSONAL NAME
- Personal name: Pillai, S O
670 ## - SOURCE DATA FOUND
- Source citation: Work cat.: (OSt)32816: Pillai, S O, Solid State Physics, 1997









